| 000 | 01417nmc a2200421 a 4500 | ||
|---|---|---|---|
| 003 | AR-BaBNM | ||
| 005 | 20251128203855.0 | ||
| 008 | 026019s1985 ||||||||||||||000 | spa|| | ||
| 020 | _a950-9467-02-2 | ||
| 040 | _cAR-BaBNM | ||
| 245 | 1 | 0 | _aEscuela, producción y familia campesina |
| 250 | _a1ª ed. | ||
| 260 |
_aBuenos Aires _bMiño y Dávila _c1985 |
||
| 300 | 0 |
_a162 p. _btablas |
|
| 490 | 0 | _aEnfoques en educación | |
| 500 | 1 | _aEl libro trata de la reconstrucción de un proceso seguido por dos programas ejecutados por el CIPES: Centro de Investigación y Promoción Educativa y Social, uno sobre "Educación de la familia para el aprestamiento del niño que ingresa a primer grado" y ot | |
| 504 | _aBibliografía: p. 161-162 | ||
| 650 | 4 | _aEDUCACION RURAL | |
| 650 | 4 | _aZONAS RURALES | |
| 650 | 4 | _aRELACION FAMILIA-ESCUELA | |
| 650 | 4 | _aFAMILIA RURAL | |
| 650 | 4 | _aDESARROLLO RURAL | |
| 650 | 4 | _aTECNOLOGIA | |
| 650 | 4 | _aEDUCACION PERMANENTE | |
| 650 | 4 | _aPROYECTOS EXPERIMENTALES | |
| 650 | 4 | _aINFLUENCIA FAMILIAR | |
| 650 | 4 | _aEDUCACION FAMILIAR | |
| 653 | 0 | _aEDUCACION POPULAR | |
| 700 | 1 | _aFlood, Carlos Alberto | |
| 700 | 1 | _aStrachsnoy, Sergio | |
| 700 | 1 | _aPelegrino, Martha | |
| 700 | 1 | _aSchrott, Rubén Alberto | |
| 700 | 1 |
_aRigal, Luis _eprologuista |
|
| 800 | 1 |
_aFasce, Jorge _edirector |
|
| 800 | 1 |
_aRojo, Mónica _edirector |
|
| 942 | _cBK | ||
| 998 | _csilvi | ||
| 999 |
_c5276 _d5276 |
||